000
00292nam a2200109Ia 4500
008
200302s9999 xx 000 0 und d
100
_a
Jean-Louis Cohen
245
_a
Le Corbusier : The Lyricism Of Architecture in the Machine Age
260
_b
Taschen GmbH
260
_c
2015
300
_a
96 P.,
999
_c
4292
_d
4292